[Event "Hofheim Spring op-B 5th"]
[Site "Hofheim"]
[Date "2017.04.11"]
[Round "8"]
[White "Schwarz, Matthias1111"]
[Black "Spitzlei, Philipp"]
[Result "1-0"]
[WhiteElo "1641"]
[BlackElo "1905"]
[PlyCount "39"]
[EventDate "2017.04.07"]
[EventType "swiss"]
[EventRounds "9"]
[EventCountry "GER"]
[SourceTitle "CBM 178 Extra"]
[Source "ChessBase"]
[SourceDate "2017.06.22"]
[SourceVersion "1"]
[SourceVersionDate "2017.06.22"]
[SourceQuality "1"]

1. e4 c5 2. Nf3 Nc6 3. d4 cxd4 4. Nxd4 Nf6 5. Nc3 g6 6. Be3 Bg7 7. Nxc6 bxc6 8. e5 Ng8 9. Bd4 c5 10. Bxc5 Bxe5 11. Bd4 Bxd4 12. Qxd4 Nf6 13. Ne4 0-0 14. Nxf6+ exf6 15. 0-0-0 Qe7 16. Bc4 Qe5 17. Rhe1 Qxh2 18. Qxf6 Qh6+ 19. Kb1 Bb7 20. Rxd7 1-0

[Event "Hofheim Spring op-B 5th"]
[Site "Hofheim"]
[Date "2017.04.10"]
[Round "6"]
[White "Spitzlei, Philipp"]
[Black "Hofmann, Werner2222"]
[Result "1-0"]
[WhiteElo "1905"]
[BlackElo "1631"]
[PlyCount "99"]
[EventDate "2017.04.07"]
[EventType "swiss"]
[EventRounds "9"]
[EventCountry "GER"]
[SourceTitle "CBM 178 Extra"]
[Source "ChessBase"]
[SourceDate "2017.06.22"]
[SourceVersion "1"]
[SourceVersionDate "2017.06.22"]
[SourceQuality "1"]

1. e4 e5 2. Nf3 Nc6 3. Bc4 Nf6 4. Ng5 d5 5. exd5 Na5 6. Bb5+ c6 7. dxc6 bxc6 8. Ba4 Ba6 9. d3 Qd4 10. Bb3 Nxb3 11. axb3 Bb7 12. Nf3 Qg4 13. 0-0 c5 14. Nbd2 Bd6 15. h3 Qg6 16. Nh4 Qh5 17. Qxh5 Nxh5 18. Ne4 Bxe4 19. dxe4 0-0 20. Be3 Rfc8 21. Ra6 Bc7 22. Nf5 Bd8 23. Rd1 Kf8 24. Rd7 Bb6 25. Nd6 Rd8 26. Rxd8+ Rxd8 27. Nc4 Nf6 28. Nxb6 axb6 29. Rxb6 Nxe4 30. Rc6 Rd1+ 31. Kh2 Rb1 32. f3 Nf6 33. Bg5 Ne8 34. Rxc5 f6 35. Be3 Rxb2 36. Bc1 Rb1 37. Ba3 Kf7 38. b4 Ra1 39. Bb2 Ra2 40. Bc1 Nd6 41. b5 Ra1 42. Be3 Rb1 43. Rc7+ Kg6 44. b6 Nb5 45. c4 Nd4 46. Bxd4 exd4 47. c5 Rb5 48. b7 d3 49. Rd7 d2 50. c6 1-0

[Event "Hofheim Spring op-B 5th"]
[Site "Hofheim"]
[Date "2017.04.09"]
[Round "4"]
[White "Spitzlei, Philipp"]
[Black "Rachor, Felix"]
[Result "0-1"]
[WhiteElo "1905"]
[BlackElo "1580"]
[PlyCount "120"]
[EventDate "2017.04.07"]
[EventType "swiss"]
[EventRounds "9"]
[EventCountry "GER"]
[SourceTitle "CBM 178 Extra"]
[Source "ChessBase"]
[SourceDate "2017.06.22"]
[SourceVersion "1"]
[SourceVersionDate "2017.06.22"]
[SourceQuality "1"]

1. e4 c5 2. Nc3 d6 3. Nf3 Nf6 4. g3 e6 5. Bg2 Be7 6. 0-0 Nbd7 7. d4 cxd4 8. Nxd4 a6 9. b3 Qc7 10. Bb2 Rb8 11. Nce2 b5 12. Rc1 Qb6 13. c4 bxc4 14. Rxc4 Bb7 15. Qc2 Nc5 16. f3 e5 17. Nf5 Ncxe4+ 18. Kh1 Nf2+ 19. Rxf2 Qxf2 20. Rc7 0-0 21. Nxe7+ Kh8 22. Ba3 Ng4 23. Ng1 Qxc2 24. Rxc2 Ne3 25. Rc3 Nd1 26. Rc2 Rfd8 27. Rd2 Nc3 28. Bxd6 f6 29. Rc2 Rxd6 30. Rxc3 g6 31. Bf1 Kg7 32. Rc7 Kf8 33. Bc4 e4 34. Kg2 Rd2+ 35. Ne2 exf3+ 36. Kf1 fxe2+ 37. Bxe2 Re8 38. Rxb7 Rxe7 39. Rxe7 Kxe7 40. a4 Rb2 41. Bxa6 Rxb3 42. Kg2 Ra3 43. Bb5 Ke6 44. Kh3 Ke5 45. Kh4 g5+ 46. Kg4 Ra2 47. h4 gxh4 48. Kxh4 f5 49. Kg5 Ra3 50. Kh4 Kf6 51. Bd7 Ra2 52. Kh3 Kg5 53. Bb5 Ra3 54. Kg2 h5 55. Bc6 Kg4 56. Bd7 Ra2+ 57. Kg1 Kxg3 58. Bb5 Ra1+ 59. Bf1 Rxa4 60. Kh1 Ra1 0-1

[Event "Rheinhessen-ch U16/U18"]
[Site "Heidesheim"]
[Date "2014.01.07"]
[Round "7"]
[White "Spitzlei, Philipp"]
[Black "Perske, Paul"]
[Result "1/2-1/2"]
[WhiteElo "1564"]
[BlackElo "1695"]
[PlyCount "24"]
[EventDate "2014.01.07"]
[EventType "swiss"]
[EventRounds "7"]
[EventCountry "GER"]
[SourceTitle "EXT 2015"]
[Source "ChessBase"]
[SourceDate "2014.11.20"]
[SourceVersion "1"]
[SourceVersionDate "2014.11.20"]
[SourceQuality "1"]

1. d4 d5 2. c4 e6 3. Nf3 Nf6 4. Bg5 Be7 5. Nc3 c6 6. e3 0-0 7. h3 Nbd7 8. Bd3 dxc4 9. Bxc4 b5 10. Bd3 a6 11. 0-0 c5 12. Rc1 cxd4 1/2-1/2

[Event "Karl Mala Memorial op 13th"]
[Site "Frankfurt"]
[Date "2010.07.11"]
[Round "7"]
[White "Spitzlei, Philipp"]
[Black "Anders, Eric"]
[Result "0-1"]
[WhiteElo "1359"]
[BlackElo "1667"]
[PlyCount "38"]
[EventDate "2010.07.08"]
[EventType "swiss"]
[EventRounds "7"]
[EventCountry "GER"]
[SourceTitle "EXT 2012"]
[Source "ChessBase"]
[SourceDate "2011.11.24"]
[SourceVersion "1"]
[SourceVersionDate "2011.11.24"]
[SourceQuality "1"]

1. d4 Nf6 2. Nc3 g6 3. Bf4 Bg7 4. e4 d6 5. Bg3 0-0 6. Be2 Nbd7 7. h4 h6 8. h5 g5 9. f4 gxf4 10. Bxf4 e5 11. dxe5 Nxe5 12. Qd2 Kh7 13. 0-0-0 Nfg4 14. Rf1 Be6 15. Kb1 a5 16. Nf3 Qd7 17. Nd5 Qd8 18. Ne3 Qf6 19. c3 Qxf4 0-1